Пъстроцветки (Запис номер 142298)
[ съкратено ]
| 000 -Лидер | |
|---|---|
| Контролно поле с фиксирана дължина | 01683nam a2200337 a 4500 |
| 003 - Код на организацията, давaща контролен номер | |
| Контролно поле | BLK |
| 005 - Дата и час на последна редакция | |
| Контролно поле | 20240316114142.0 |
| 008 - Елементи от данни с фиксирана дължина | |
| fixed length control field | 180409b bul|||||r ||||||| ||bul|| |
| 010 ## - Наследен системен номер | |
| LC control number | KNG00148386000 |
| 040 ## - Източник на каталожния запис | |
| Идентификатор на билиотеката - собственик на записа | BLK |
| 041 ## - Код за език | |
| Код за езика на текст/звукозапис или на отделно заглавие | Български |
| Код за езика КДБФ | Български |
| 080 ## - УДК | |
| Текстов определител УДК | Българска литература |
| УДК код - определител по УДК | 821.163.2 |
| УДК определител | -93-1 |
| УДК - код + определител | 821.163.2-93-1 |
| 139 ## - Редно поле | |
| Редна дума | Пъстроцветки |
| Авторски знак | Пър - П 97 |
| 245 10 - Сведения за заглавието | |
| Заглавие | Пъстроцветки |
| Подзаглавни данни | Сб. стихотворения за най-малките |
| Редно поле (дума) | худож. Галя Георгиева; * Владимир Рангелов Коларов; * Спас Алексиев Антонов; * Ботьо Буков. |
| 257 ## - Страна на издаване | |
| Страна на създаване/издаване | България |
| 260 ## - Област на издателските данни | |
| Име на издателя, разпространителя и проч. | Нар. младеж |
| Година на издаване | 1985 |
| Печатница | София : ДП Г. Димитров |
| Място на издаване, разпространение и проч. | София |
| 300 ## - Физическа характеристика | |
| Страници | 71 с. |
| Илюстрации и др. | с ил. |
| Размери/Мащаб | 20 см |
| 380 ## - Жанр | |
| Жанр | Детска худож. лит. |
| 500 ## - Общи забележки | |
| Забележка | Съдържа и за авт. - 40 150 тир. - Съдържа : Първа китка / Владимир Коларов. Дядовият самолет / Спас Антонов. Въпрос на вкус / Ботьо Буков. |
| 700 1# - Други автори (авторска отговорност) | |
| Лично име | Георгиева, Галя |
| Автороска отговорност (Описва отношението между автора и произведението) | худож. |
| 9 (RLIN) | 377726 |
| 700 1# - Други автори (авторска отговорност) | |
| Лично име | Коларов, Владимир Рангелов |
| Автороска отговорност (Описва отношението между автора и произведението) | * |
| 9 (RLIN) | 327594 |
| 700 1# - Други автори (авторска отговорност) | |
| Лично име | Антонов, Спас Алексиев |
| Автороска отговорност (Описва отношението между автора и произведението) | * |
| 9 (RLIN) | 379607 |
| 700 1# - Други автори (авторска отговорност) | |
| Лично име | Буков, Ботьо |
| Автороска отговорност (Описва отношението между автора и произведението) | * |
| 9 (RLIN) | 379608 |
| 852 ## - Местоположение | |
| Форматна сигнатура | Цб 262011 |
| 856 4# - Електронен адрес и достъп | |
| Електронен формат | pdf - файл |
| Инструкция (цена за достъп) | 0.00 |
| Права за достъп | disable |
| 856 4# - Електронен адрес и достъп | |
| Електронен формат | pdf - файл |
| Инструкция (цена за достъп) | 0.00 |
| Права за достъп | disable |
| 999 ## - СИСТЕМНИ КОНТРОЛНИ НОМЕРА | |
| Koha biblionumber | 142298 |
| Koha biblioitemnumber | 142298 |
| 942 ## - АРТИКУЛИ | |
| Вид на библиотечния материал | Книги |
| Скрит в OPAC | Не |
| Периодичен библиозапис | Да |
| Koha issues (borrowed), all copies | 1 |
| 944 ## - СЪЗДАВАНЕ И РЕДАКЦИЯ на ЗАПИСА | |
| Създаване/Редакция | Създаване |
| Дата на регистрацията/редакция | 03.08.2013 |
| Статус, дата на статуса | Мира Стойчева |
| Служител, извършил регистрацията/редакцията | 30532 |
| 944 ## - СЪЗДАВАНЕ И РЕДАКЦИЯ на ЗАПИСА | |
| Създаване/Редакция | Редакция |
| Дата на регистрацията/редакция | 19.09.2017 |
| Статус, дата на статуса | 03.08.2013 - от С1,Р / 03.08.2013 |
| Служител, извършил регистрацията/редакцията | Наталия_Любомирова |
| 999 ## - СИСТЕМНИ КОНТРОЛНИ НОМЕРА | |
| Koha biblioitemnumber | 142298 |
| Код за отписване | Код за изгубен артикул | Източник на класификационната схема | Код за повреда | Коз за рестрикции | Код за отдаване | Артикулен № | Име на библиотеката - собственик | Име на библиотеката, в която се намира в момента | Статус (Текущо местоположение) | Дата на вписване в системата | Местоположение - отдел | Цена в лева | Инвентарен номер | Систематично азбучна сигнатура | Баркод | Номер на екземпляра | Цена в евро | Служебна бележка | Служебен тип на артикула | Бележка за публиката |
|---|---|---|---|---|---|---|---|---|---|---|---|---|---|---|---|---|---|---|---|---|
| Не е изгубен | Universal Decimal Classification | Не е повреден | без рестрикции | ползва се в читалня | 235235 | Регионална библиотека "Любен Каравелов" Русе | Регионална библиотека "Любен Каравелов" Русе | Хранилище | 1985-01-01 | Хранилище | 0.24 | 434258 | Цб 262011 | 120000434258 | 1 | 0.12 | Вид: Сф N: стар фонд Дата: 01.01.1985 | Книги | ||
| Изтеглен | Не е изгубен | Не е повреден | без рестрикции | заемане за дома | 235236 | Регионална библиотека "Любен Каравелов" Русе | Регионална библиотека "Любен Каравелов" Русе | 1985-01-01 | Детски отдел | 0.24 | 434149 | ДХ 886.7/П 97 | 434149 | 2 | 0.12 | Вид: Сф N: стар фонд Дата: 01.01.1985 Дата инв: 09.09.2015 Бележки инв: Д2015 | Книги | Отч.N: 30/2017 , Дата: 01.09.2017 | ||
| Не е изгубен | Universal Decimal Classification | Не е повреден | без рестрикции | заемане за дома | 235237 | Регионална библиотека "Любен Каравелов" Русе | Регионална библиотека "Любен Каравелов" Русе | Детски отдел | 1985-01-01 | Детски отдел | 0.24 | 434151 | ДХ 886.7/П 97 | 120000434151 | 3 | 0.12 | Вид: Сф N: стар фонд Дата: 01.01.1985 Дата инв: 05.08.2015 Бележки инв: Д2015 | Книги | ||
| Изтеглен | Не е изгубен | Не е повреден | без рестрикции | заемане за дома | 235238 | Регионална библиотека "Любен Каравелов" Русе | Регионална библиотека "Любен Каравелов" Русе | Детски отдел | 1985-01-01 | Детски отдел | 0.24 | 434152 | ДХ 886.7/П 97 | 434152 | 4 | 0.12 | Вид: Сф N: стар фонд Дата: 01.01.1985 Дата инв: 09.09.2015 Бележки инв: Д2015 | Книги | ||
| Изтеглен | Не е изгубен | Не е повреден | без рестрикции | заемане за дома | 235239 | Регионална библиотека "Любен Каравелов" Русе | Регионална библиотека "Любен Каравелов" Русе | 1985-01-01 | Детски отдел | 0.24 | 567919 | ДХ 886.7/П 97 | 567919 | 5 | 0.12 | Вид: Сф N: стар фонд Дата: 01.01.1985 Дата инв: 09.09.2015 Бележки инв: Д2015 | Книги | Отч.N: 30/2017 , Дата: 01.09.2017 |